000 00787nam a2200193Ia 4500
001 10864
003 GE_BSU
008 181216s||||||||xx |||||||||||||| ||und||
040 _cGE_BSU
080 _a821.353.1–1+821.16.2(092შევჩენკო)
245 _aტარას შევჩენკოს ქართველი მწერლები.
245 _cრედ.რევაზ მარგიანი;მხატვ.ირაკლი ჯანაშვილი.
260 _aთბილისი.
260 _bლიტერატურა და ხელოვნება.
260 _c1964.
300 _a76გვ;14სმ.
653 _aტარას შევჩენკოს ქართველი მწერლები.
942 _cBK
999 _c44106
_d44106